<?xml version="1.0" encoding="UTF-8"?>
<record
    xmlns:xsi="http://www.w3.org/2001/XMLSchema-instance"
    xsi:schemaLocation="http://www.loc.gov/MARC21/slim http://www.loc.gov/standards/marcxml/schema/MARC21slim.xsd"
    xmlns="http://www.loc.gov/MARC21/slim">

  <leader>00647nam a22001577a 4500</leader>
  <controlfield tag="003">OSt</controlfield>
  <controlfield tag="005">20151130100415.0</controlfield>
  <controlfield tag="008">151130b        xxu||||| |||| 00| 0 eng d</controlfield>
  <datafield tag="040" ind1=" " ind2=" ">
    <subfield code="c">RUA</subfield>
  </datafield>
  <datafield tag="082" ind1=" " ind2=" ">
    <subfield code="a">FIS HUN 1997 B168 Or.1</subfield>
  </datafield>
  <datafield tag="100" ind1=" " ind2=" ">
    <subfield code="9">4003</subfield>
    <subfield code="a">HUN, KIMTEK.</subfield>
  </datafield>
  <datafield tag="245" ind1=" " ind2=" ">
    <subfield code="a">access issues in rice-field fisheries in svay rieng and takeo province (&#x179B;&#x1791;&#x17D2;&#x1792;&#x1797;&#x17B6;&#x1796;&#x179A;&#x1794;&#x179F;&#x17CB;&#x1780;&#x179F;&#x17B7;&#x1780;&#x179A;&#x1780;&#x17D2;&#x1793;&#x17BB;&#x1784;&#x1780;&#x17B6;&#x179A;&#x1793;&#x17C1;&#x179F;&#x17B6;&#x1791;&#x178F;&#x17D2;&#x179A;&#x17B8;&#x178F;&#x17B6;&#x1798;&#x179C;&#x17B6;&#x179B;&#x179F;&#x17D2;&#x179A;&#x17C2;&#x1793;&#x17C5;&#x1781;&#x17C1;&#x178F;&#x17D2;&#x178F;&#x179F;&#x17D2;&#x179C;&#x17B6;&#x1799;&#x179A;&#x17C0;&#x1784; &#x1793;&#x17B7;&#x1784; &#x1781;&#x17C1;&#x178F;&#x17D2;&#x178F;&#x178F;&#x17B6;&#x1780;&#x17C2;&#x179C;)</subfield>
  </datafield>
  <datafield tag="260" ind1=" " ind2=" ">
    <subfield code="a">Phnom Penh</subfield>
    <subfield code="b">RUA</subfield>
    <subfield code="c">1997</subfield>
  </datafield>
  <datafield tag="300" ind1=" " ind2=" ">
    <subfield code="a">55p.</subfield>
    <subfield code="b">ill.</subfield>
    <subfield code="c">29cm.</subfield>
  </datafield>
  <datafield tag="942" ind1=" " ind2=" ">
    <subfield code="2">ddc</subfield>
    <subfield code="c">FIS</subfield>
  </datafield>
  <datafield tag="999" ind1=" " ind2=" ">
    <subfield code="c">3723</subfield>
    <subfield code="d">3723</subfield>
  </datafield>
  <datafield tag="952" ind1=" " ind2=" ">
    <subfield code="0">0</subfield>
    <subfield code="1">0</subfield>
    <subfield code="2">ddc</subfield>
    <subfield code="4">0</subfield>
    <subfield code="6">FIS_HUN_1997_000000000000000_B168_OR_1</subfield>
    <subfield code="7">0</subfield>
    <subfield code="9">18597</subfield>
    <subfield code="a">LBB</subfield>
    <subfield code="b">LBB</subfield>
    <subfield code="c">B168</subfield>
    <subfield code="d">2015-11-30</subfield>
    <subfield code="o">FIS HUN 1997 B168 Or.1</subfield>
    <subfield code="p">RUA020702</subfield>
    <subfield code="r">2015-11-30</subfield>
    <subfield code="w">2015-11-30</subfield>
    <subfield code="y">FIS</subfield>
  </datafield>
  <datafield tag="952" ind1=" " ind2=" ">
    <subfield code="0">0</subfield>
    <subfield code="1">0</subfield>
    <subfield code="2">ddc</subfield>
    <subfield code="4">0</subfield>
    <subfield code="6">FIS_HUN_1997_000000000000000_B168_OR_2</subfield>
    <subfield code="7">0</subfield>
    <subfield code="9">18598</subfield>
    <subfield code="a">LBB</subfield>
    <subfield code="b">LBB</subfield>
    <subfield code="c">B168</subfield>
    <subfield code="d">2015-11-30</subfield>
    <subfield code="o">FIS HUN 1997 B168 Or.2</subfield>
    <subfield code="p">RUA020404</subfield>
    <subfield code="r">2015-11-30</subfield>
    <subfield code="w">2015-11-30</subfield>
    <subfield code="y">FIS</subfield>
  </datafield>
  <datafield tag="952" ind1=" " ind2=" ">
    <subfield code="0">0</subfield>
    <subfield code="1">0</subfield>
    <subfield code="2">ddc</subfield>
    <subfield code="4">0</subfield>
    <subfield code="6">FIS_HUN_1997_000000000000000_B168_OR_3</subfield>
    <subfield code="7">0</subfield>
    <subfield code="9">18599</subfield>
    <subfield code="a">LBB</subfield>
    <subfield code="b">LBB</subfield>
    <subfield code="c">B168</subfield>
    <subfield code="d">2015-11-30</subfield>
    <subfield code="o">FIS HUN 1997 B168 Or.3</subfield>
    <subfield code="p">RUA020693</subfield>
    <subfield code="r">2015-11-30</subfield>
    <subfield code="w">2015-11-30</subfield>
    <subfield code="y">FIS</subfield>
  </datafield>
  <datafield tag="952" ind1=" " ind2=" ">
    <subfield code="0">0</subfield>
    <subfield code="1">0</subfield>
    <subfield code="2">ddc</subfield>
    <subfield code="4">0</subfield>
    <subfield code="6">FIS_HUN_1997_000000000000000_B168_OR_4</subfield>
    <subfield code="7">0</subfield>
    <subfield code="9">18600</subfield>
    <subfield code="a">LBB</subfield>
    <subfield code="b">LBB</subfield>
    <subfield code="c">B168</subfield>
    <subfield code="d">2015-11-30</subfield>
    <subfield code="o">FIS HUN 1997 B168 Or.4</subfield>
    <subfield code="p">RUA020403</subfield>
    <subfield code="r">2015-11-30</subfield>
    <subfield code="w">2015-11-30</subfield>
    <subfield code="y">FIS</subfield>
  </datafield>
</record>
